MARC

LEADER 00000nam0a2200000 4500
001 217243
005 20231101230112.0
010 |a 0194371638 
035 |a (RuTPU)RU\TPU\book\237235 
035 |a RU\TPU\book\234512 
090 |a 217243 
100 |a 20120601d2003 m y0engy50 ba 
101 0 |a eng 
102 |a GB 
105 |a y j 000zy 
200 1 |a Learner-Based Teaching  |f C. Campbell, H. Kryszewska 
205 |a 10th ed. 
210 |a Oxford  |c Oxford University Press  |d 2003 
215 |a 125 p.  |c il. 
225 1 |a Resource books for teachers 
606 1 |a Английский язык  |x Содержание и методика преподавания языка в высшей школе  |2 stltpush  |3 (RuTPU)RU\TPU\subj\29068  |9 52480 
610 1 |a методика 
610 1 |a обучение 
610 1 |a преподавание 
686 |a Ш143.21-91  |v LBC/SL-A  |2 rubbk 
700 1 |a Campbell  |b C.  |g Colin 
701 1 |a Kryszewska  |b H.  |g Hanna 
801 1 |a RU  |b 63413507  |c 20120426 
801 2 |a RU  |b 63413507  |c 20120606  |g RCR 
942 |c BK